00496pab a2200157 454500008004000000100001500040245005300055260000900108300001300117362001200130650001000142773005300152909001000205999001700215952010600232180718b2001 xxu||||| |||| 00| 0 eng d aArun Kumar aUse of information technology in crime detection c2001 ap.126-37 aJan-Dec aCrime aIndian Journal of Criminology and Criminalistics a50861 c50861d50861 00104070aIIPAbIIPAd2018-07-19hVolume no: 21, Issue no: 1-3pAR51289r2018-07-19w2018-07-19yAR